Guess The Mystery State #1 - Statistics

General Stats
  • This quiz has been taken 531 times
  • The average score is 7 of 10
Answer Stats
Text Answer % Correct
Is Known for its Oil Texas
80%
Smallest State Over 1MIL People Rhode Island
78%
Has The Most Open Land without 1K or more people (181.43 Miles ) Montana
76%
Home To A city named after an animal with over 100K New York
73%
Most Made Cheese as of 2019 Wisconsin
72%
Longest Border With Canada Alaska
71%
Least Populated Wyoming
69%
Has 3rd largest US city as of 2019 Illinois
61%
State Where Ben And Jerry’s Was Founded Vermont
61%
One Of Two states where you can’t pump your own gas. Oregon
50%
No matching quizzes found
Score Distribution
Percent of People with Each Score
Percentile by Number Answered
Your Score History
You have not taken this quiz